The sign of the seahorse : a tale of greed and high adventure in two acts / (Record no. 114967)
[ view plain ]
| 000 -LEADER | |
|---|---|
| fixed length control field | 00692nam a2200181 a 4500 |
| 005 - DATE AND TIME OF LATEST TRANSACTION | |
| control field | 20140414132118.0 |
| 008 - FIXED-LENGTH DATA ELEMENTS--GENERAL INFORMATION | |
| fixed length control field | 111117s19uu xx 00 eng d |
| 020 ## - INTERNATIONAL STANDARD BOOK NUMBER | |
| International Standard Book Number | 0810938251 |
| 050 ## - LIBRARY OF CONGRESS CALL NUMBER | |
| Classification number | M 808.83 |
| Item number | B29 1992 |
| 100 ## - MAIN ENTRY--PERSONAL NAME | |
| Personal name | Base, Graeme. |
| 245 ## - TITLE STATEMENT | |
| Title | The sign of the seahorse : a tale of greed and high adventure in two acts / |
| Statement of responsibility, etc | Graeme Base. |
| 260 ## - PUBLICATION, DISTRIBUTION, ETC. (IMPRINT) | |
| Place of publication, distribution, etc | New York : |
| Name of publisher, distributor, etc | H.N. Abrams, |
| Date of publication, distribution, etc | 1992. |
| 520 ## - SUMMARY, ETC. | |
| Summary, etc | The inhabitants of a coral reef are threatened when a shady real estate deal started by the greedy Groper floods their area with poisonous waste. |
| 650 ## - SUBJECT ADDED ENTRY--TOPICAL TERM | |
| Topical term or geographic name as entry element | Marine animals |
| General subdivision | Fiction. |
| 650 ## - SUBJECT ADDED ENTRY--TOPICAL TERM | |
| Topical term or geographic name as entry element | Marine pollution |
| General subdivision | Fiction. |
| 650 ## - SUBJECT ADDED ENTRY--TOPICAL TERM | |
| Topical term or geographic name as entry element | Pollution |
| General subdivision | Fiction. |
| Withdrawn status | Lost status | Damaged status | Home library | Current library | Shelving location | Date acquired | Source of acquisition | Total Checkouts | Full call number | Barcode | Date last seen | Price effective from | Koha item type |
|---|---|---|---|---|---|---|---|---|---|---|---|---|---|
| Munich Library | Munich Library | Main Section | 11/17/2011 | M 808.83 B29 1992 | M6909 | 04/14/2014 | 04/14/2014 | Books |